|
|
|
|
| LEADER |
00811nab a2200205 i 4500 |
| 001 |
publ35851 |
| 005 |
20250206150522.0 |
| 008 |
250206s2021 hu o 000 hun d |
| 022 |
|
|
|a 2063-4315
|
| 024 |
7 |
|
|a 33221807
|2 mtmt
|
| 040 |
|
|
|a SZTE Publicatio Repozitórium
|b hun
|
| 041 |
|
|
|a hun
|
| 100 |
1 |
|
|a Kriska Olivér
|
| 245 |
1 |
0 |
|a Lokális hatások tömeges tranzit migráció során - Magyarkanizsa esete Szerbiában, 2015
|h [elektronikus dokumentum] /
|c Kriska Olivér
|
| 260 |
|
|
|c 2021
|
| 300 |
|
|
|a 67-84
|
| 490 |
0 |
|
|a TELEPÜLÉSFÖLDRAJZI TANULMÁNYOK
|v 10 No. 1-2
|
| 650 |
|
4 |
|a Társadalom- és gazdaságföldrajz
|
| 856 |
4 |
0 |
|u http://publicatio.bibl.u-szeged.hu/35851/1/document.pdf
|z Dokumentum-elérés
|
| 856 |
4 |
0 |
|u http://publicatio.bibl.u-szeged.hu/35851/7/33221807_c%C3%ADmlap_tartalom.pdf
|z Dokumentum-elérés
|